000 01353nam a2200301 4500
003 EG-GICUC
005 20260406221922.0
008 260406t2021 ua|||||f |||| 00| 0 ara d
040 _a EG-GICUC
_bara
_c EG-GICUC
_d EG-GICUC
_erda
043 _af-ua---
082 0 4 _221
_a343.523073
092 0 4 _221
099 _aLaw1 10 343.523073 أ ح . م 2021
100 0 _aأحمد لطفي السيد مرعي
245 1 2 _aالمسئولية الجنائية الضيقة Strict Liability في النظام الأنجلو أمريمي والقانون المقارن :
_b(دراسة حول أزمة الركن المعنوي، وتراجع مبدأ لاجريمة بدون خطأ) /
_cأحمد لطفي السيد مرعي.
264 _aالمنصورة:
_bجامعة المنصورة;
_c2021.
300 _a604 صفحة
_c24 سم
336 _2rda content
_atext
337 _2rda media
_aComputer
338 _2rda carrier
_aOnline Resource
500 _aمجلة البحوث القانونية والاقتصادية دورية - علمية - محكمة العدد 75 - مارس 2021
500 _aISSN : 1687-2371
650 1 4 _aالمسئولية الجنائية من الجريمة الدولية
_2qrmak
651 1 _2qrmak
856 4 0 _uhttps://fll.law.cu.edu.eg/fulltext/bks/B10-08486.pdf
905 _a17
942 _2ddc
_n0
_cBK
_e21
999 _c69377
_d69377